Ekonometrický prístup k modelovaniu konkurencieschopnosti regiónov dizertačná práca

Enregistré dans:
Détails bibliographiques
Auteur principal: Ostrihoň, Filip
Collectivité auteur: Fakulta hospodárskej informatiky EU. Katedra operačného výskumu a ekonometrie
Autres auteurs: Ivaničová, Zlatica
Format: Livre
Langue:slovaque
Publié: Bratislava 2015
Sujets:
Tags: Ajouter un tag
Pas de tags, Soyez le premier à ajouter un tag!

MARC

LEADER 00000nbm a2200000 4500
001 0206538
005 20240502073430.6
041 0 |a slo 
044 |a SK 
245 1 0 |a Ekonometrický prístup k modelovaniu konkurencieschopnosti regiónov  |b dizertačná práca  |c Filip Ostrihoň ; školiteľ: Zlatica Ivaničová 
264 1 |a Bratislava  |c 2015 
300 |a 149 s. 
610 2 0 |a ekonometria 
610 2 0 |a konkurencieschopnosť 
610 2 0 |a regióny 
610 2 0 |a modelovanie ekonometrické 
610 2 0 |a modely ekonometrické 
100 1 |a Ostrihoň, Filip 
700 1 |a Ivaničová, Zlatica 
710 2 |a Fakulta hospodárskej informatiky EU. Katedra operačného výskumu a ekonometrie